[Event "Arandjelovac ASK-12 GM"]
[Site "Arandjelovac"]
[Date "2022.03.17"]
[Round "6"]
[White "Audi, Ameya"]
[Black "Milanovic, Danilo"]
[Result "1/2-1/2"]
[WhiteElo "2418"]
[BlackElo "2406"]
[PlyCount "111"]
[EventDate "2022.03.14"]
[EventType "tourn"]
[EventRounds "11"]
[EventCountry "SRB"]
[EventCategory "5"]
[SourceTitle "CBM 207 Extra"]
[Source "ChessBase"]
[SourceDate "2022.05.31"]
[SourceVersion "1"]
[SourceVersionDate "2022.05.31"]
[SourceQuality "1"]

1. e4 d5 2. exd5 Qxd5 3. Nc3 Qd6 4. d4 Nf6 5. Nf3 a6 6. g3 g6 7. Bg2 Bg7 8. 0-0 0-0 9. h3 c6 10. Re1 Re8 11. a3 Qd8 12. Bf4 Nd5 13. Bd2 Nd7 14. Ne4 b5 15. Qe2 Bb7 16. Rad1 Qc7 17. c4 bxc4 18. Qxc4 a5 19. Nc5 Nxc5 20. Qxc5 e6 21. Rc1 Rec8 22. Ne5 Qd8 23. Qc2 Qb6 24. Qe4 Re8 25. Rc2 a4 26. Rec1 Rac8 27. Qd3 Ba8 28. h4 h5 29. Be4 Ne7 30. Nc4 Qd8 31. Ba5 Qxd4 32. Qxd4 Bxd4 33. Nd6 c5 34. Bxa8 Rxa8 35. Nxe8 Rxa5 36. Nd6 Nf5 37. Ne4 Rb5 38. Nxc5 Rxb2 39. Rxb2 Bxb2 40. Rc2 Bxa3 41. Nxa4 Be7 42. Kg2 Kg7 43. Nc3 Nd6 44. Ra2 Bf6 45. Ne2 Nf5 46. Nf4 Be5 47. Nh3 Bf6 48. Ng5 Nd6 49. Ra7 Bxg5 50. hxg5 Ne4 51. Ra5 Nd6 52. Kf3 f6 53. Ra7+ Nf7 54. Re7 e5 55. gxf6+ Kxf6 56. Ra7 1/2-1/2

[Event "Arandjelovac ASK-12 GM"]
[Site "Arandjelovac"]
[Date "2022.03.15"]
[Round "2"]
[White "Kovchan, Alexander"]
[Black "Milanovic, Danilo"]
[Result "1-0"]
[WhiteElo "2558"]
[BlackElo "2406"]
[PlyCount "116"]
[EventDate "2022.03.14"]
[EventType "tourn"]
[EventRounds "11"]
[EventCountry "SRB"]
[EventCategory "5"]
[SourceTitle "CBM 207 Extra"]
[Source "ChessBase"]
[SourceDate "2022.05.31"]
[SourceVersion "1"]
[SourceVersionDate "2022.05.31"]
[SourceQuality "1"]

1. e4 d5 2. exd5 Qxd5 3. Nc3 Qd6 4. d4 Nf6 5. Nf3 c6 6. Ne5 Be6 7. Bf4 Qd8 8. h4 Nbd7 9. h5 Nxe5 10. Bxe5 Qa5 11. Qd2 Nd7 12. Bg3 Nb6 13. 0-0-0 Bc4 14. Qf4 Bxf1 15. Rhxf1 Qxh5 16. Qc7 Qf5 17. Qxb7 Qc8 18. Qxc8+ Rxc8 19. d5 cxd5 20. Nxd5 Nxd5 21. Rxd5 e6 22. Rb5 Bc5 23. b4 Bb6 24. a4 f6 25. Re1 e5 26. f4 Rc3 27. a5 Rxg3 28. axb6 axb6 29. fxe5 0-0 30. Rxb6 Rxg2 31. b5 f5 32. e6 f4 33. Rf1 Re2 34. Kd1 Re4 35. Rc6 g5 36. Re1 Rb4 37. Re5 h6 38. e7 Re8 39. Rxh6 Kf7 40. Rxg5 Rxe7 41. Rf5+ Ke8 42. Kd2 Kd8 43. Kc3 Rb1 44. Rd6+ Kc7 45. Rc6+ Kb7 46. Rcc5 Rf1 47. Rce5 Rc7+ 48. Rc5 Re7 49. Kb3 Rb1+ 50. Ka2 Rf1 51. Rc3 Kb6 52. Kb2 Re6 53. Rc8 Kb7 54. Rcf8 Kb6 55. Rb8+ Kc7 56. Ra8 Kb7 57. Ra4 f3 58. Rf7+ Kb8 1-0